000
00266nam a22001217a 4500
008
181024b xxu||||| |||| 00| 0 eng d
041
_a
eng
080
_a
330.722
100
_a
65
101
_a
MAN
245
_a
Managerial Accouting
_c
Western.K
942
_2
udc
_c
BK
999
_c
50877
_d
50877